Plumbing / (Record no. 9664)
[ view plain ]
| 000 -LEADER | |
|---|---|
| fixed length control field | 00318cam a2200133ua 4500 |
| 041 ## - LANGUAGE CODE | |
| Language code of text/sound track or separate title | eng |
| 082 ## - DEWEY DECIMAL CLASSIFICATION NUMBER | |
| Classification number | 696.1 |
| Item number | TOW/PL |
| 100 ## - MAIN ENTRY--AUTHOR NAME | |
| Personal name | Townsend, A L . |
| 245 ## - TITLE STATEMENT | |
| Title | Plumbing / |
| 260 ## - PUBLICATION, DISTRIBUTION, ETC. (IMPRINT) | |
| Place of publication | London : |
| Name of publisher | Hutchinson , |
| Year of publication | 1962. |
| 300 ## - PHYSICAL DESCRIPTION | |
| Number of Pages | 240 ; . |
| 942 ## - ADDED ENTRY ELEMENTS (KOHA) | |
| Koha item type | Books |
| Withdrawn status | Lost status | Damaged status | Home library | Current library | Date acquired | Full call number | Accession Number | Koha item type |
|---|---|---|---|---|---|---|---|---|
| KAUAET | KAUAET | 07/04/2012 | 696.1 | 3734 | Books |
